Aprovechamiento y colonización del trópico húmedo mexicano (Record no. 126620)

MARC details
000 -LEADER
campo de control de longitud fija 00627nam a2200169 4500
001 - NÚMERO DE CONTROL
campo de control 126620
003 - IDENTIFICADOR DE NÚMERO DE CONTROL
campo de control ES-MaACL
007 - CAMPO FIJO DE DESCRIPCIÓN FÍSICA--INFORMACIÓN GENERAL
campo de control de longitud fija t|
008 - DATOS DE LONGITUD FIJA--INFORMACIÓN GENERAL
campo de control de longitud fija 070214s1980 mx r ||||1| spa d
100 1# - ENTRADA PRINCIPAL--NOMBRE DE PERSONA
Nombre de persona Revel-Mouroz, Jean.
9 (RLIN) 96391
245 10 - MENCIÓN DEL TÍTULO
Título Aprovechamiento y colonización del trópico húmedo mexicano
Resto del título : la vertiente del golfo y del Caribe /
Mención de responsabilidad, etc. Jean Revel-Mouroz ; traducción de José Barrales Valladares.
250 ## - MENCION DE EDICION
Mención de edición 1ª. ed.
260 ## - PUBLICACIÓN, DISTRIBUCIÓN, ETC.
Lugar de publicación, distribución, etc. México :
Nombre del editor, distribuidor, etc. Fondo de Cultura Económica,
Fecha de publicación, distribución, etc. 1980.
300 ## - DESCRIPCIÓN FÍSICA
Extensión 391 p., 4 lám. :
Otras características físicas il. ;
Dimensiones 24 cm.
700 1# - ENTRADA AGREGADA--NOMBRE PERSONAL
Nombre de persona Barrales Valladares, José.
9 (RLIN) 25845
852 ## - LOCALIZACIÓN
Ubicación ES-MaACL
Número de control de estantería L-910
Sublocalización o colección R.101644
Holdings
Estatus retirado Estado de pérdida Estado de daño No para préstamo Biblioteca de origen Biblioteca actual Ubicación en estantería Fecha de adquisición Fuente de adquisición Total de préstamos Signatura topográfica completa Código de barras Visto por última vez Precio de reemplazo Tipo de ítem Koha
        Biblioteca del Ateneo de Madrid Biblioteca del Ateneo de Madrid Depósito 2 17/01/2008     L-910 1131886 23/02/2023 23/02/2023 Libro impreso